| 000 | 01252nam a2200241Ia 4500 | ||
|---|---|---|---|
| 003 | Ost | ||
| 005 | 20260507075053.0 | ||
| 008 | 260507s9999||||xx |||||||||||||| ||und|| | ||
| 040 | _cfsecg | ||
| 041 | _aara | ||
| 082 | _a657 | ||
| 100 |
_aدهمش، نعيم _eمؤلف |
||
| 245 | 0 |
_aمبادئ المحاسبة / _c نعيم دهمش |
|
| 260 |
_aعمان: _bدار وائل للنشر, _c1999 |
||
| 300 |
_a429 صفحة؛ _bإيضاحات ؛ _c24 سم |
||
| 504 | _aالمراجع ص.425 | ||
| 520 | _aالمبادئ المحاسبية والقوائم المالية، الدورة المحاسبية، عمليات البضاعة لدى المشاريع التجارية، التسويات المحاسبية ومبدأ المقابلة، النقدية في الصندوق والبنك، الذمم المدينة وأوراق القبض، الاستثمارات المالية قصيرة الأجل بالأسم والسندات، المخزون، الأصول الثابثة، قائمة التسوية (ورقة العمل) واقفال الحسابات | ||
| 653 | _aالاستثمار | ||
| 653 | _aالسندات | ||
| 653 | _aالمحاسبة | ||
| 700 |
_aأبو نصار، محمد _eمؤلف ثانوي |
||
| 942 | _cكتاب | ||
| 999 |
_c42689 _d42689 |
||